00641nam a2200205 i 4500001001000000003000900010005001700019007000300036008004100039040003000080082002200110100004300132245006000175264005000235300002500285336002700310337003300337338002800370651003700398000032856DO-SdBNP20240305122052.0ta090706s1949 dr r 000 0 spa d aDO-SdBNPbspacBNPHUerda a972.93bH565c2221 aHerrera, César A.,d1910-1988eautor10aCuadros históricos dominicanos /cCésar A. Herrera. aSanto Domingo :bImpresora Dominicana,c1949. a95 paginas ;c24 cm. 2rdacontentatextobtxt 2rdamediaasin mediaciónbn 2rdacarrieravolumenbnc 4aRepública DominicanaxHistoria